Normal view
MARC view
Entry Personal Name
001 - CONTROL NUMBER
- control field: 81665
003 - CONTROL NUMBER IDENTIFIER
- control field: dpl
005 - DATE AND TIME OF LATEST TRANSACTION
- control field: 20250604145315.0
008 - FIXED-LENGTH DATA ELEMENTS
- fixed length control field: 250604|| aca||aabn | a|a d
040 ## - CATALOGING SOURCE
- Original cataloging agency: dpl
- Transcribing agency: dpl
100 ## - HEADING--PERSONAL NAME
- Personal name: Puranik, Rajnikant
670 ## - SOURCE DATA FOUND
- Source citation: Work cat.: (dpl)211587: Puranik, Rajnikant, Foundation Of Miser:, 2016
